01420nam a2200361 a 4500008004100000020003100041040002500072041001300097044001100110080001600121080001100137080001100148100002000159245032300179250001300502260004900515300002800564490003100592500006400623700002700687700003400714700002700748700003500775700002800810700002700838700003100865700002200896700002400918700003200942700003300974700002701007700002401034951215s1987||||[C 0 slo c c26 Kčs. q(5000 výtl.) aSNKbslocSNKeAACR21 aslohger axocSK a141.82(044) a930.25 a141.821 aMarx, Karl4aut10aVybrané listy v troch zväzkoch. 2. zvb1870-1887cKarl Marx, Friedrich Engels ; Zdeněk Dvořáček, Karol Truchlík, Magdaléna Bobáková, Viera Hadrabová, Magda Holubová, Oľga Hrubošová, Pavol Musil, Teodor Münz, Magdaléna Pechová, Jana Rakšányiová, Viera Triznová, Oto Takáč a1., vyd. aBratislavabPravdac1987eBratislavafPravda a479 s., 52,73 AHc24 cm0 aKlasici marxizmu-leninizmu aLit. 185. Pozn. 185 zázn. v slov., češ., angl. a nem.1 aEngels, Friedrich4aut1 aDvořáček, Zdeněk4com1 aTruchlík, Karol4com1 aBobáková, Magdaléna4trl1 aHadrabová, Viera4trl1 aHolubová, Magda4trl1 aHrubošová, Oľga4trl1 aMusil, Pavol4trl1 aMünz, Teodor4trl1 aPechová, Magdaléna4trl1 aRakšányiová, Jana4trl1 aTriznová, Viera4trl1 aTakáč, Oto4bkd